| 000 | 00505nam a2200193Ia 4500 | ||
|---|---|---|---|
| 005 | 20250326143928.0 | ||
| 008 | 250326s9999 xx 000 0 und d | ||
| 037 | _aTextbook | ||
| 040 |
_aFMSL _beng _cFMSL |
||
| 041 |
_aeng _2eng |
||
| 084 |
_aX:8 P5 _qFMSL |
||
| 100 |
_aBackman M _9735504 |
||
| 245 | 0 |
_aInside knowledge streetwise in Asia _cBackman M |
|
| 260 |
_aNY _bNY, Palgrave _c2005 |
||
| 300 | _a259p | ||
| 365 | _b153115.69 | ||
| 942 |
_cTB _hX:8 P5 |
||
| 999 |
_c1301661 _d1301661 |
||